00221nam a2200097Ia 4500008004100000041000800041082001400049100002100063245003000084260000900114240625s9999 xx 000 0 und d aeng a332.4 CAS aCASTAGNA ANTONIO aFX OPTIONS AND SMILE RISK c2010